| 000 | 004210000a22001450004500 | ||
|---|---|---|---|
| 090 |
_aAR _b01851 |
||
| 245 | 1 | 0 | _aElectronic data processing in taxonomy and systematics |
| 650 | 1 | 4 |
_aTaxonomía vegetal _992262 |
| 650 | 1 | 4 |
_aSistemática vegetal _95234 |
| 650 | 1 | 4 |
_aBotánica _9361 |
| 041 | 0 | _aInglés | |
| 100 | 1 |
_aHeyipood, V. H. _995317 |
|
| 942 | _cARTICULO | ||
| 773 | 1 |
_tSystematics Association Special _3622 _q1-15 _d1981 |
|
| 999 |
_c10928 _d10928 |
||